ბათუმის შოთა რუსთაველის სახელმწიფო უნივერსიტეტის ბიბლიოთეკა

საბავშვო ლექსები და პოემები (ბიბ.ჩანაწერი № 50135)

000 -LEADER
fixed length control field 00737nam a2200217Ia 4500
001 - CONTROL NUMBER
control field 17073
003 - CONTROL NUMBER IDENTIFIER
control field GE_BSU
008 - FIXED-LENGTH DATA ELEMENTS--GENERAL INFORMATION
fixed length control field 181216s||||||||xx |||||||||||||| ||und||
040 ## - CATALOGING SOURCE
Transcribing agency GE_BSU
080 ## - UNIVERSAL DECIMAL CLASSIFICATION NUMBER
Universal Decimal Classification number 82-93:821.353.1-1 + 82-93:821.353.1-11
100 ## - MAIN ENTRY--PERSONAL NAME
Personal name აბაშიძე, ი.
245 ## - TITLE STATEMENT
Title საბავშვო ლექსები და პოემები
245 ## - TITLE STATEMENT
Statement of responsibility, etc. რედ.ა.გაბესკირია
260 ## - PUBLICATION, DISTRIBUTION, ETC.
Place of publication, distribution, etc. თბილისი
260 ## - PUBLICATION, DISTRIBUTION, ETC.
Name of publisher, distributor, etc. საბლიტგამი
260 ## - PUBLICATION, DISTRIBUTION, ETC.
Date of publication, distribution, etc. 1953
300 ## - PHYSICAL DESCRIPTION
Extent 260გვ. ; 23სმ.
653 ## - INDEX TERM--UNCONTROLLED
Uncontrolled term ლექსები, პოემები
653 ## - INDEX TERM--UNCONTROLLED
Uncontrolled term საბავშვო ლექსები და პოემები
942 ## - ADDED ENTRY ELEMENTS (KOHA)
Koha item type წიგნი
ეგზემპლარები
Withdrawn status Lost status Damaged status Not for loan Date acquired Barcode Date last seen Price effective from Koha item type
        2018-12-17 21603 2018-12-17 2018-12-17 წიგნი
        2018-12-17 21604 2018-12-17 2018-12-17 წიგნი
        2018-12-17 21605 2018-12-17 2018-12-17 წიგნი